000 01565nam a2200217 a 4500
008 120416s1980 ||||||||||||||||| || u
050 _aHF 5635 Ell
100 _aEllis, Loudell O
245 1 0 _aIntermediate accounting
260 _aNew York
_bMcGraw-Hill
_c1980
300 _axix, 1234 pages
350 _a0.00
995 _aANNEX COLLECTION (Main Library)
_D0.00
_e702318
_FCBU-MAIN LIBRARY (Kitwe)
_H3
_I0.00
_jHF 5635 Ell
_UAVAILABLE
_y005488
_ZAnnex Low-Usage Collection
995 _aANNEX COLLECTION (Main Library)
_D0.00
_e713156
_FCBU-MAIN LIBRARY (Kitwe)
_H7
_I0.00
_jHF 5635 Ell
_UAVAILABLE
_y005493
_ZAnnex Low-Usage Collection
995 _aANNEX COLLECTION (Main Library)
_D0.00
_e713157
_FCBU-MAIN LIBRARY (Kitwe)
_H5
_I0.00
_jHF 5635 Ell
_M8
_UAVAILABLE
_y005489
_ZAnnex Low-Usage Collection
995 _aANNEX COLLECTION (Main Library)
_D0.00
_e702316
_FCBU-MAIN LIBRARY (Kitwe)
_H2
_I0.00
_jHF 5635 Ell
_UAVAILABLE
_y005495
_ZAnnex Low-Usage Collection
995 _aANNEX COLLECTION (Main Library)
_D0.00
_e702317
_FCBU-MAIN LIBRARY (Kitwe)
_H4
_I0.00
_jHF 5635 Ell
_UAVAILABLE
_y005491
_ZAnnex Low-Usage Collection
995 _aANNEX COLLECTION (Main Library)
_D0.00
_e713155
_FCBU-MAIN LIBRARY (Kitwe)
_H6
_I0.00
_jHF 5635 Ell
_UAVAILABLE
_y005494
_ZAnnex Low-Usage Collection
995 _aANNEX COLLECTION (Main Library)
_D0.00
_e702313
_FCBU-MAIN LIBRARY (Kitwe)
_H1
_I0.00
_jHF 5635 Ell
_UAVAILABLE
_y005492
_ZAnnex Low-Usage Collection
995 _aBINDERY (DAMAGED)
_D0.00
_e005490
_FCBU-MAIN LIBRARY (Kitwe)
_H8
_I0.00
_jHF 5635 Ell
_UDAMAGED
_y005490
_ZMain Library Open Access Collection
999 _c77490
_d77490